[Event "Russian Championship B15 1st league 2016"]
[Site "Loo"]
[Date "2016.04.27"]
[Round "8.59"]
[White "Klyus, Nikita"]
[Black "Enin, Peter"]
[Result "1-0"]
[WhiteElo "1474"]
[BlackElo "1229"]
[PlyCount "57"]
[EventDate "2016.04.20"]

1. e4 e5 2. Nf3 Nc6 3. Bb5 Bc5 4. O-O d6 5. h3 a6 6. Ba4 b5 7. Bb3 Nge7 8. c3
Bb7 9. Re1 Qd7 10. d4 exd4 11. cxd4 Bb4 12. Nc3 Ng6 13. Bg5 h6 14. Bd2 O-O-O
15. a3 Bxc3 16. bxc3 Kb8 17. Bc2 Rde8 18. Bd3 Kc8 19. Qb3 Na7 20. Rab1 c6 21.
Qc2 Kc7 22. c4 Kb8 23. cxb5 axb5 24. a4 Ba6 25. axb5 Bxb5 26. Qa4 Kb7 27. d5
cxd5 28. Bxb5 Nxb5 29. Rxb5+ 1-0

[Event "Russian Championship B15 2016"]
[Site "Loo"]
[Date "2016.04.27"]
[Round "8.1"]
[White "Shubin, Kirill"]
[Black "Lomasov, Semen"]
[Result "0-1"]
[WhiteElo "2399"]
[BlackElo "2326"]
[PlyCount "62"]
[EventDate "2016.04.20"]

1. d4 Nf6 2. c4 e6 3. g3 d5 4. Bg2 Be7 5. Nf3 O-O 6. O-O dxc4 7. Ne5 c5 8. dxc5
Bxc5 9. Nxc4 Qe7 10. Nc3 Rd8 11. Qc2 Nc6 12. Bxc6 bxc6 13. Bg5 Ba6 14. Ne5 Qc7
15. Bxf6 gxf6 16. Ng4 f5 17. Nf6+ Kh8 18. Qc1 Bf8 19. Qg5 Bg7 20. Nh5 Be5 21.
Qh6 Rg8 22. Nf6 Rg7 23. Rfd1 Qe7 24. Nh5 Rg5 25. h4 Rg4 26. Qe3 Bc7 27. Kg2
Rag8 28. Rd2 c5 29. Nd5 Bb7 30. Qc3+ f6 31. Nhxf6 exd5 0-1

[Event "Russian Championship B15 2016"]
[Site "Loo"]
[Date "2016.04.27"]
[Round "8.2"]
[White "Mnatsakanian, Arsen"]
[Black "Kalabukhov, Bogdan"]
[Result "0-1"]
[WhiteElo "2037"]
[BlackElo "2056"]
[PlyCount "98"]
[EventDate "2016.04.20"]

1. e4 c5 2. g3 Nc6 3. Bg2 g6 4. Ne2 Bg7 5. c3 e5 6. d3 Nge7 7. O-O O-O 8. Be3
b6 9. f4 d5 10. fxe5 d4 11. Bg5 Nxe5 12. c4 h6 13. Bf4 N7c6 14. h3 Be6 15. a3
Qd7 16. g4 f5 17. exf5 gxf5 18. g5 hxg5 19. Bxg5 Ng6 20. h4 Nge5 21. Nf4 Bf7
22. Nd5 Ng4 23. Qf3 Rae8 24. Nd2 Nce5 25. Qg3 Kh8 26. Rae1 Bg6 27. h5 Bh7 28.
Qh3 Bh6 29. Bxh6 Nxh6 30. Nf4 Qg7 31. Nf3 Nhg4 32. Nh4 Qh6 33. Nd5 Qxh5 34. Nf4
Qg5 35. Kh1 Rf6 36. Nf3 Qxf4 37. Nxe5 Rxe5 38. Rxf4 Rxe1+ 39. Bf1 Rh6 40. Qxh6
Nxh6 41. Kg2 Ng4 42. Kg3 Kg7 43. Bh3 Re3+ 44. Kh4 Rxd3 45. Bxg4 fxg4 46. Rxg4+
Bg6 47. Kg5 Re3 48. Rf4 Re5+ 49. Kg4 Re4 0-1

[Event "Russian Championship B15 2016"]
[Site "Loo"]
[Date "2016.04.27"]
[Round "8.3"]
[White "Gurvich, Vitaly"]
[Black "Golikov, Daniil"]
[Result "1-0"]
[WhiteElo "2381"]
[BlackElo "2152"]
[PlyCount "141"]
[EventDate "2016.04.20"]

1. Nf3 Nf6 2. g3 b6 3. Bg2 Bb7 4. c4 e6 5. d4 Bb4+ 6. Bd2 Qe7 7. O-O Bxd2 8.
Qxd2 d6 9. Nc3 Nbd7 10. d5 e5 11. e4 O-O 12. b4 a5 13. a3 Ba6 14. Qd3 axb4 15.
axb4 Bb7 16. Nb5 Rfc8 17. Na7 Rd8 18. Nd2 Nb8 19. Ra3 Na6 20. Rxa6 Bxa6 21. Nc6
Qe8 22. Nxd8 Rxd8 23. Qc3 Ra8 24. Rc1 Bb7 25. c5 bxc5 26. bxc5 Qa4 27. Nc4 Ba6
28. Ra1 Qe8 29. Ne3 Bb5 30. Rc1 g6 31. c6 h5 32. Rb1 Ba6 33. Ra1 Be2 34. Re1
Bb5 35. Bf3 Kg7 36. h4 Qd8 37. Kg2 Qc8 38. Rb1 Qa6 39. Nc2 Be2 40. Ra1 Bxf3+
41. Qxf3 Qc8 42. Rxa8 Qxa8 43. Qd3 Qa4 44. f3 Qa2 45. Kf2 Ng8 46. Ke2 Qb1 47.
Qd1 Qb5+ 48. Qd3 Qb1 49. Ne3 Qg1 50. Nf1 Qg2+ 51. Ke1 Kf8 52. Qe3 Ne7 53. Qe2
Qg1 54. Qf2 Qh1 55. Ke2 Qh3 56. Nd2 f5 57. Qa7 Qg2+ 58. Kd1 fxe4 59. fxe4 Qxg3
60. Qxc7 Qxh4 61. Qxd6 Qg4+ 62. Kc2 h4 63. Qd7 Qg1 64. c7 Qc5+ 65. Kd3 Qa3+ 66.
Kc2 Qa2+ 67. Kd1 Qa1+ 68. Ke2 Qa6+ 69. Kf2 Qc8 70. Qd8+ Kf7 71. d6 1-0

[Event "Russian Championship B15 2016"]
[Site "Loo"]
[Date "2016.04.27"]
[Round "8.4"]
[White "Nesterov, Arseniy"]
[Black "Talypov, Ildar"]
[Result "1/2-1/2"]
[WhiteElo "2273"]
[BlackElo "1993"]
[PlyCount "142"]
[EventDate "2016.04.20"]

1. d4 d5 2. c4 e6 3. Nc3 Nf6 4. cxd5 exd5 5. Bg5 c6 6. e3 Be7 7. Qc2 O-O 8. Bd3
h6 9. Bh4 Be6 10. Nge2 Ne8 11. Bg3 Nd6 12. O-O Qc8 13. f3 f5 14. Rae1 g5 15. e4
dxe4 16. fxe4 fxe4 17. Rxf8+ Bxf8 18. Nxe4 Nxe4 19. Bxe4 Nd7 20. Bh7+ Kh8 21.
Nc3 Nf6 22. Be5 Bg7 23. Qg6 Qf8 24. Rf1 Bf7 25. Rxf6 Bxg6 26. Rxf8+ Rxf8 27.
Bxg6 Bxe5 28. dxe5 Kg7 29. Bh5 Rf5 30. e6 Re5 31. Bg4 Kg6 32. h3 h5 33. Bf3
Rxe6 34. Kf2 h4 35. Be4+ Kf6 36. Bc2 Re5 37. Ne4+ Ke6 38. Bb3+ Ke7 39. Ke3 c5
40. Bc4 Kd7 41. Be2 Kc6 42. Kf3 Kd5 43. Nc3+ Kc6 44. Kg4 Kc7 45. Bf3 c4 46. a4
a6 47. Nd5+ Kd6 48. Nc3 Kc7 49. Bd5 b5 50. axb5 axb5 51. Nxb5+ Kb6 52. Nc3 Kc5
53. Be4 Kd4 54. Kf3 Re8 55. Bc2 Re3+ 56. Kf2 Re7 57. Ne2+ Kc5 58. b3 cxb3 59.
Bxb3 Rb7 60. Bc2 Rb2 61. Bd3 Rd2 62. Ke3 Rb2 63. Bg6 Rb6 64. Bh5 Rb3+ 65. Kf2
Rb2 66. Bf3 Ra2 67. Bh5 Rb2 68. Bf7 Rb7 69. Bg6 Rb6 70. Bh5 Rb2 71. Bg6 Rb6
1/2-1/2

[Event "Russian Championship B15 2016"]
[Site "Loo"]
[Date "2016.04.27"]
[Round "8.5"]
[White "Nuristani, Iman"]
[Black "Remizov, Yaroslav"]
[Result "1-0"]
[WhiteElo "1922"]
[BlackElo "2124"]
[PlyCount "147"]
[EventDate "2016.04.20"]

1. e4 d6 2. d4 Nf6 3. Nc3 Nbd7 4. Nf3 e5 5. Bc4 Be7 6. O-O O-O 7. Re1 c6 8. a4
a5 9. b3 exd4 10. Qxd4 Ng4 11. Bb2 Bf6 12. Qxd6 Qb6 13. Qg3 Nde5 14. Nd1 Qb4
15. Bc3 Qc5 16. Nxe5 Nxe5 17. Bf1 Rd8 18. h3 b5 19. axb5 cxb5 20. b4 Qd6 21.
Rxa5 Rxa5 22. bxa5 b4 23. Bb2 h5 24. Ne3 h4 25. Bxe5 Bxe5 26. Qxh4 Bf6 27. Qh5
Bd4 28. Qf3 Qc5 29. a6 Rd6 30. Nd5 Bxa6 31. Ne7+ Kf8 32. Nf5 Rc6 33. Bxa6 Rxa6
34. Nxd4 Qxd4 35. Rd1 Ra1 36. Rxa1 Qxa1+ 37. Kh2 Qe5+ 38. g3 Qd4 39. Qe3 Qc4
40. Kg2 Kg8 41. Qf4 g6 42. Qe5 Kh7 43. Qd5 Qc7 44. h4 Kg8 45. Qd3 Qc5 46. Kf3
Kh7 47. Qd5 Qc3+ 48. Kg2 Kg7 49. Qb3 Qd4 50. Qd5 Qc3 51. g4 Qxc2 52. Qd4+ Kh7
53. Qxb4 Qd1 54. f3 Qe2+ 55. Kg3 Qf1 56. Qd2 Qg1+ 57. Kf4 Qc5 58. Qd5 Qc1+ 59.
Ke5 Qc3+ 60. Kf4 Qc1+ 61. Ke5 Qc3+ 62. Kd6 Qxf3 63. Ke7 Kg7 64. Qe5+ f6 65. Qe6
Kh6 66. Qxf6 Qxe4+ 67. Qe6 Qb7+ 68. Qd7 Qe4+ 69. Qe6 Qb7+ 70. Qd7 Qe4+ 71. Kf8
Qf4+ 72. Kg8 Qc4+ 73. Qf7 Qe6 74. g5+ 1-0

[Event "Russian Championship B15 2016"]
[Site "Loo"]
[Date "2016.04.27"]
[Round "8.6"]
[White "Pavlov, Danila"]
[Black "Murtazin, Ruslan"]
[Result "0-1"]
[WhiteElo "2094"]
[BlackElo "2012"]
[PlyCount "100"]
[EventDate "2016.04.20"]

1. e4 e6 2. d4 d5 3. Nc3 Nf6 4. Bg5 dxe4 5. Nxe4 Be7 6. Bxf6 gxf6 7. Nf3 f5 8.
Nc3 a6 9. g3 b5 10. Bg2 Bb7 11. O-O c5 12. Ne2 Nd7 13. c3 Nf6 14. dxc5 Bxc5 15.
Ne5 Bxg2 16. Kxg2 Qc7 17. Nf3 Ng4 18. h3 Qb7 19. Nf4 h5 20. Qe2 O-O-O 21. Nd3
Bd6 22. a4 e5 23. Nde1 f4 24. axb5 axb5 25. Ra5 e4 26. Rxb5 exf3+ 27. Nxf3 Qc6
28. Qd3 fxg3 29. Rd5 Nxf2 30. Qd2 Bc7 31. Rd4 Rxd4 32. cxd4 Qd7 33. Ng1 Rd8 34.
Ra1 Qxd4 35. Qh6 Ne4 36. Qa6+ Kd7 37. Rf1 Ke7 38. Ne2 Qd5 39. Qa3+ Bd6 40. Qe3
Bc5 41. Qf3 Nd2 42. Qxd5 Rxd5 43. Rd1 h4 44. Nc3 Rd6 45. Nb5 Rb6 46. Nc3 Rxb2
47. Na4 Ra2 48. Nxc5 Ne4+ 49. Kf3 Nxc5 50. Re1+ Kf6 0-1

[Event "Russian Championship B15 2016"]
[Site "Loo"]
[Date "2016.04.27"]
[Round "8.7"]
[White "Yeritsyan, Aram"]
[Black "Babanin, Gleb"]
[Result "1-0"]
[WhiteElo "2000"]
[BlackElo "1992"]
[PlyCount "93"]
[EventDate "2016.04.20"]

1. e4 e6 2. d4 d5 3. Nc3 Bb4 4. e5 Ne7 5. a3 Bxc3+ 6. bxc3 b6 7. Qg4 Ng6 8. h4
h5 9. Qg3 Ba6 10. Bxa6 Nxa6 11. Ne2 Qd7 12. Qd3 Qa4 13. Bg5 c5 14. O-O cxd4 15.
cxd4 Rc8 16. c3 Qc4 17. Qf3 Nf8 18. Rfc1 Nd7 19. Ng3 g6 20. Nf1 Nab8 21. Qd1
Qa6 22. Ne3 Rc7 23. f4 Qc8 24. Qd3 b5 25. a4 bxa4 26. c4 O-O 27. c5 Nc6 28. g4
hxg4 29. Nxg4 Qa8 30. h5 gxh5 31. Nf6+ Nxf6 32. exf6 Rb8 33. Bh6 Rb3 34. Rc3
Rxc3 35. Qxc3 Kh7 36. Bg7 Ne7 37. fxe7 Qg8 38. e8=Q Qxe8 39. Be5 Rc8 40. Qd3+
Kh6 41. Qg3 f6 42. Bxf6 Qf7 43. Bg5+ Kh7 44. Rxa4 e5 45. Ra6 Rg8 46. dxe5 Qb7
47. Qd3+ 1-0

[Event "Russian Championship B15 2016"]
[Site "Loo"]
[Date "2016.04.27"]
[Round "8.8"]
[White "Kavyev, Ruslan"]
[Black "Ivanov, Daniil"]
[Result "1-0"]
[WhiteElo "2058"]
[BlackElo "1975"]
[PlyCount "105"]
[EventDate "2016.04.20"]

1. e4 e6 2. d4 d5 3. Nc3 Nf6 4. Bg5 Bb4 5. e5 h6 6. Bd2 Bxc3 7. bxc3 Ne4 8. Qg4
g6 9. Qf4 c5 10. Bd3 Nxd2 11. Qxd2 cxd4 12. cxd4 Nc6 13. Nf3 Qa5 14. c3 b6 15.
O-O Ba6 16. h4 Bxd3 17. Qxd3 Ne7 18. Qd2 Rc8 19. Rac1 Qa3 20. Rc2 Nf5 21. Rfc1
Qe7 22. g3 Rc4 23. Kg2 h5 24. Qd3 O-O 25. Nd2 Rc7 26. c4 Rfc8 27. cxd5 exd5 28.
Nf3 Rxc2 29. Rxc2 Rxc2 30. Qxc2 Qd7 31. Qc3 Kg7 32. Ng5 a6 33. Kh2 Nh6 34. Kg2
Nf5 35. Kh2 Nh6 36. Qe1 Qe7 37. Kg2 Nf5 38. Qc3 Qd7 39. Kh2 Nh6 40. Kg2 Nf5 41.
e6 fxe6 42. Qe1 Qd6 43. Nxe6+ Kf6 44. Ng5 Ne7 45. a4 b5 46. axb5 axb5 47. Qa5
b4 48. Qa8 Nf5 49. Qb7 Ne7 50. Qa8 Nf5 51. Qe8 Qe7 52. Qg8 Qd7 53. Qf8+ 1-0

[Event "Russian Championship B15 2016"]
[Site "Loo"]
[Date "2016.04.27"]
[Round "8.9"]
[White "Rysakov, Anton"]
[Black "Salemgareev, Tagir"]
[Result "1/2-1/2"]
[WhiteElo "1979"]
[BlackElo "2262"]
[PlyCount "152"]
[EventDate "2016.04.20"]

1. e4 c5 2. Nf3 Nc6 3. c3 Nf6 4. e5 Nd5 5. d4 cxd4 6. cxd4 d6 7. a3 e6 8. Bd3
Be7 9. O-O O-O 10. Qc2 g6 11. Bh6 Re8 12. Nbd2 dxe5 13. dxe5 Qc7 14. Rac1 Bd7
15. b4 Rac8 16. Qb2 Qb8 17. Ne4 Red8 18. Bc4 Be8 19. Nd6 Rc7 20. Bxd5 exd5 21.
Rfd1 d4 22. Nxd4 Nxe5 23. Rxc7 Qxc7 24. N4b5 Bxb5 25. Qxe5 Bf8 26. Bxf8 Kxf8
27. Qh8+ Ke7 28. Re1+ Kd7 29. Ne8 Qf4 30. Qf8 Kc8 31. Qc5+ Bc6 32. b5 Qd2 33.
Rf1 Qd5 34. Qxd5 Bxd5 35. Rc1+ Kb8 36. Nf6 Bc4 37. a4 Bb3 38. a5 Ba4 39. b6
axb6 40. axb6 Rd6 41. Nxh7 Rxb6 42. h4 Rb4 43. Ng5 f6 44. Nf3 Bc6 45. Rc3 Kc7
46. g3 b5 47. Kf1 Rb1+ 48. Ke2 b4 49. Rc4 Kd6 50. Nd4 Bd5 51. Rc8 b3 52. Nb5+
Ke7 53. Nc3 Rb2+ 54. Ke3 Be6 55. Rc7+ Kd8 56. Rc6 Kd7 57. Rb6 Rc2 58. Na4 Ke7
59. Rb7+ Kd6 60. Rb6+ Ke5 61. Rb5+ Kd6 62. Rb6+ Kd7 63. f3 Rc4 64. Nb2 Rc3+ 65.
Kf4 Ke7 66. Rb7+ Kd6 67. Rb6+ Kd7 68. g4 Ke7 69. Rb7+ Ke8 70. Rb8+ Kd7 71. h5
gxh5 72. gxh5 Rc5 73. h6 Rf5+ 74. Ke3 Rh5 75. Nd3 Rxh6 76. Nc5+ Kc7 1/2-1/2

[Event "Russian Championship B15 2016"]
[Site "Loo"]
[Date "2016.04.27"]
[Round "8.10"]
[White "Shemyakin, Valeriy"]
[Black "Bazhenov, Aleksandr"]
[Result "1/2-1/2"]
[WhiteElo "2077"]
[BlackElo "2162"]
[PlyCount "105"]
[EventDate "2016.04.20"]

1. d4 d5 2. Bg5 f6 3. Bh4 Nh6 4. f3 Nc6 5. Nc3 g6 6. Bf2 Bg7 7. e3 O-O 8. Qd2
Be6 9. O-O-O Qd7 10. g4 Kh8 11. h4 Rad8 12. g5 Nf5 13. e4 dxe4 14. d5 e3 15.
Bxe3 Ng3 16. Qg2 Nxh1 17. dxc6 Qxc6 18. Rxd8 Rxd8 19. Qxh1 fxg5 20. Bb5 Qd6 21.
Nge2 gxh4 22. Qxh4 Qe5 23. Qe4 Qxe4 24. Nxe4 a6 25. Bd3 Bxa2 26. Bg5 Rf8 27. b3
Rxf3 28. Kd2 Rf5 29. Bxe7 Rd5 30. N2c3 Bh6+ 31. Ke2 Bxb3 32. Nxd5 Bxd5 33. Nc3
Bc6 34. Be4 Bxe4 35. Nxe4 Kg7 36. Nc5 Kf7 37. Bd8 Bf4 38. Nxb7 h5 39. Bh4 g5
40. Be1 g4 41. Nc5 Bd6 42. Nxa6 Ke6 43. Nb4 Kf5 44. Nd5 Ke5 45. Nxc7 Bxc7 46.
Bg3+ Kd4 47. Bxc7 Kc3 48. Kd1 h4 49. Be5+ Kc4 50. Ke2 h3 51. Kf2 h2 52. Kg2 g3
53. Bxg3 1/2-1/2

[Event "Russian Championship B15 2016"]
[Site "Loo"]
[Date "2016.04.27"]
[Round "8.11"]
[White "Zaika, Daniil"]
[Black "Levdansky, Alexey"]
[Result "1-0"]
[WhiteElo "2077"]
[BlackElo "1962"]
[PlyCount "121"]
[EventDate "2016.04.20"]

1. d4 d5 2. Nf3 Nf6 3. c4 c6 4. Nc3 e6 5. Qd3 Nbd7 6. e4 dxe4 7. Nxe4 Be7 8.
Be2 O-O 9. O-O Nxe4 10. Qxe4 Nf6 11. Qd3 b6 12. Ne5 Bb7 13. Bf3 Qc8 14. Be3 Rd8
15. Rfd1 c5 16. Qe2 cxd4 17. Bxd4 Bxf3 18. Qxf3 Rd6 19. Bc3 Qe8 20. b4 Rad8 21.
Rxd6 Rxd6 22. a4 h6 23. h3 a6 24. b5 a5 25. Nc6 Bf8 26. Qe3 Rxc6 27. bxc6 Qxc6
28. Bxf6 gxf6 29. Qd4 f5 30. Rb1 Bc5 31. Qd8+ Kg7 32. Rb3 f4 33. Qh4 Qxa4 34.
Qg4+ Kh7 35. Rd3 Qa1+ 36. Rd1 Qf6 37. Rd7 a4 38. Ra7 a3 39. Ra8 Qg5 40. Qd1 Qg3
41. Qc2+ Qg6 42. Qc3 Qg7 43. Qd3+ Qg6 44. Qd8 Qg7 45. Ra7 Bf8 46. Qd3+ Kg8 47.
Ra8 Qb2 48. Qd6 Qg7 49. Qxa3 Kh7 50. Qd3+ f5 51. Rd8 Kg6 52. Rd7 Qa1+ 53. Kh2
Bc5 54. Qe2 Qf6 55. Qf3 e5 56. Qd5 e4 57. Qg8+ Kh5 58. g4+ fxg3+ 59. Qxg3 Qe6
60. Rd5 e3 61. Qg4# 1-0

[Event "Russian Championship B15 2016"]
[Site "Loo"]
[Date "2016.04.27"]
[Round "8.12"]
[White "Isaykin, Artem"]
[Black "Korolev, Kirill"]
[Result "1-0"]
[WhiteElo "1924"]
[BlackElo "1994"]
[PlyCount "87"]
[EventDate "2016.04.20"]

1. e4 c5 2. Nf3 e6 3. b3 d5 4. exd5 exd5 5. Bb2 Nf6 6. Be2 Be6 7. O-O Bd6 8. d4
c4 9. Ng5 cxb3 10. Nxe6 bxc2 11. Nxg7+ Kf8 12. Qxc2 Kxg7 13. Nc3 Nc6 14. Rad1
Qd7 15. Bf3 Rhg8 16. Kh1 Ne7 17. Ne2 Rac8 18. Qd2 Qf5 19. Ng3 Bxg3 20. fxg3 Rc2
21. Qb4 Nc6 22. Qb3 Ne4 23. Bc1 Kh8 24. Qe3 Rxa2 25. Bxe4 Qxe4 26. Qxe4 dxe4
27. Rxf7 b5 28. Rc7 Nb4 29. d5 Nd3 30. Be3 Ra4 31. d6 Rd8 32. d7 Rc4 33. Rxa7
b4 34. Rda1 Kg7 35. Bg5 Rxd7 36. Rxd7+ Kg6 37. Bf4 Nc5 38. Rd6+ Kf5 39. Be3 Ke5
40. Rc6 Kd5 41. Rxc5+ Rxc5 42. Rd1+ Kc6 43. Bxc5 Kxc5 44. Kg1 1-0

[Event "Russian Championship B15 2016"]
[Site "Loo"]
[Date "2016.04.27"]
[Round "8.13"]
[White "Izabakarov, Kamil"]
[Black "Gasanov, Zaur"]
[Result "1/2-1/2"]
[WhiteElo "1813"]
[BlackElo "2148"]
[PlyCount "105"]
[EventDate "2016.04.20"]

1. e4 c6 2. d4 d5 3. Nc3 dxe4 4. Nxe4 Nd7 5. Nf3 Ngf6 6. Nxf6+ Nxf6 7. h3 e6 8.
Bd3 Qc7 9. O-O Be7 10. c3 b6 11. Ne5 Bb7 12. Bf4 Bd6 13. Bc2 O-O-O 14. Qe2 Rhe8
15. Bb3 Kb8 16. a4 Nd5 17. Bxd5 exd5 18. Qd2 f6 19. Nd3 Bxf4 20. Nxf4 Re4 21.
Nd3 Rde8 22. a5 g5 23. axb6 axb6 24. Qd1 Rg8 25. f3 Rh4 26. Qe1 Bc8 27. Nb4 Rh6
28. Qe2 Qd6 29. Na6+ Kb7 30. Rfe1 Rg7 31. Nb4 b5 32. Nd3 g4 33. fxg4 f5 34.
Nc5+ Kb6 35. Qe8 Rxh3 36. Qxc8 Qh2+ 37. Kf1 Qf4+ 38. Ke2 Re7+ 39. Ne6 Re3+ 40.
Kd1 Rxe1+ 41. Kxe1 Qe3+ 42. Kd1 Qd3+ 43. Kc1 Qf1+ 44. Kd2 Qxg2+ 45. Ke3 f4+ 46.
Kd3 Qe4+ 47. Kd2 Qg2+ 48. Kc1 Qf1+ 49. Kd2 Qf2+ 50. Kd3 Qf3+ 51. Kc2 Qe2+ 52.
Kc1 Qe1+ 53. Kc2 1/2-1/2

[Event "Russian Championship B15 2016"]
[Site "Loo"]
[Date "2016.04.27"]
[Round "8.15"]
[White "Shinkevich, Maksim"]
[Black "Sakulo, Denis"]
[Result "0-1"]
[WhiteElo "1997"]
[BlackElo "2085"]
[PlyCount "70"]
[EventDate "2016.04.20"]

1. d4 d5 2. c4 c6 3. Nc3 dxc4 4. e3 b5 5. a4 b4 6. Ne4 Qd5 7. Nd2 c3 8. bxc3
bxc3 9. Nb1 Qa5 10. Qb3 e6 11. Bc4 Nd7 12. Nxc3 Rb8 13. Qc2 Bb4 14. Nge2 Ngf6
15. O-O O-O 16. Ne4 Nxe4 17. Qxe4 c5 18. Bd3 Nf6 19. Qh4 Ba6 20. Bxa6 Qxa6 21.
Ng3 cxd4 22. exd4 Bc3 23. Ra3 Qc4 24. Bf4 Bxd4 25. Nh5 Rb2 26. Be3 Nxh5 27.
Bxd4 e5 28. Rh3 exd4 29. Qxh5 h6 30. Rg3 Re8 31. Qf5 Ra2 32. Rd3 Qxa4 33. Qd5
Ra1 34. Qxd4 Qxd4 35. Rxd4 Ree1 0-1

[Event "Russian Championship B15 2016"]
[Site "Loo"]
[Date "2016.04.27"]
[Round "8.16"]
[White "Shirshov, Nikolay"]
[Black "Osipov, Daniil"]
[Result "0-1"]
[WhiteElo "2002"]
[BlackElo "2068"]
[PlyCount "90"]
[EventDate "2016.04.20"]

1. Nf3 Nf6 2. c4 c5 3. Nc3 d5 4. cxd5 Nxd5 5. e4 Nb4 6. Bc4 Nd3+ 7. Ke2 Nf4+ 8.
Kf1 Ne6 9. b4 cxb4 10. Ne2 Nc7 11. d4 e6 12. h4 Nd7 13. Qc2 Be7 14. Bb3 Nf6 15.
Ng3 Bd7 16. e5 Nfd5 17. Ne4 Bb5+ 18. Kg1 h6 19. Bd2 a5 20. Rc1 Qd7 21. g3 Qc6
22. Qd1 Qa6 23. Kg2 Be2 24. Qe1 O-O 25. Ng1 Bd3 26. Nf3 a4 27. Bd1 Nb5 28. Nc5
Bxc5 29. Rxc5 Nbc3 30. a3 b6 31. Rc6 Qb5 32. Rxc3 bxc3 33. Bxc3 Rac8 34. Bd2
Qb1 35. Nh2 Rc4 36. f3 Rxd4 37. Qf2 Qb2 38. Re1 Bb5 39. Bc1 Qxf2+ 40. Kxf2 Rc8
41. Be2 Rc2 42. Be3 Rd3 43. Nf1 Rxa3 44. f4 Nc3 45. Bxb6 Nxe2 0-1

[Event "Russian Championship B15 2016"]
[Site "Loo"]
[Date "2016.04.27"]
[Round "8.17"]
[White "Bedenko, Nikita"]
[Black "Akhtariev, Andrey"]
[Result "1-0"]
[WhiteElo "1917"]
[BlackElo "1927"]
[PlyCount "57"]
[EventDate "2016.04.20"]

1. e4 c5 2. Nf3 e6 3. d4 cxd4 4. Nxd4 Nf6 5. Bd3 Nc6 6. Nxc6 bxc6 7. O-O d5 8.
Nd2 Be7 9. Qe2 O-O 10. c4 Qc7 11. b3 e5 12. cxd5 cxd5 13. Bb2 dxe4 14. Nxe4 Bb7
15. Rac1 Qa5 16. Rc5 Bxc5 17. Nxf6+ gxf6 18. Qg4+ Kh8 19. Qf5 Bxf2+ 20. Rxf2
Qe1+ 21. Bf1 Rg8 22. Qxf6+ Rg7 23. Bxe5 Rag8 24. Qe7 Qe4 25. Rxf7 Qe3+ 26. Kh1
Bxg2+ 27. Bxg2 Qh6 28. Bxg7+ Rxg7 29. Qf8+ 1-0

[Event "Russian Championship B15 2016"]
[Site "Loo"]
[Date "2016.04.27"]
[Round "8.18"]
[White "Shoboev, Dandar"]
[Black "Moiseev, Danila"]
[Result "0-1"]
[WhiteElo "1846"]
[BlackElo "2135"]
[PlyCount "114"]
[EventDate "2016.04.20"]

1. d4 Nf6 2. c4 c5 3. d5 b5 4. cxb5 a6 5. Nc3 axb5 6. e4 b4 7. Nb5 d6 8. a4 g6
9. Bd3 Bg7 10. Nf3 Bg4 11. h3 Bxf3 12. Qxf3 Nbd7 13. Ra2 Ne5 14. Qe2 O-O 15. b3
e6 16. dxe6 fxe6 17. O-O d5 18. exd5 Nxd3 19. Qxd3 exd5 20. Bg5 Rc8 21. Rc2 c4
22. bxc4 dxc4 23. Qe2 Qd5 24. Bxf6 Bxf6 25. Rd1 Qe5 26. Qg4 Qf5 27. Rxc4 Qxg4
28. Rxg4 b3 29. Re4 b2 30. Na3 Rc1 31. Ree1 Rxd1 32. Rxd1 Ra8 33. Kf1 Rxa4 34.
Nb1 Rc4 35. Ke1 Rc2 36. g3 Kf7 37. Na3 Rc1 38. Nb1 Be7 39. Ke2 Ke6 40. f3 Bd6
41. f4 Bb4 42. g4 Kf6 43. Rf1 Ke7 44. h4 Kf6 45. Rd1 Ke6 46. Rf1 Kd5 47. f5
Rxf1 48. Kxf1 gxf5 49. gxf5 Ke4 50. Ke2 Kxf5 51. Kd3 Bf8 52. Kc2 Bg7 53. Nd2
Kg4 54. Nc4 Kxh4 55. Nxb2 Bxb2 56. Kxb2 Kg3 57. Kc2 h5 0-1

[Event "Russian Championship B15 2016"]
[Site "Loo"]
[Date "2016.04.27"]
[Round "8.19"]
[White "Geshko, Aleksey"]
[Black "Timoshkin, Aleksandr"]
[Result "1-0"]
[WhiteElo "2179"]
[BlackElo "1758"]
[PlyCount "79"]
[EventDate "2016.04.20"]

1. e4 c5 2. Nf3 Nc6 3. d4 cxd4 4. Nxd4 Nf6 5. Nc3 e5 6. Ndb5 d6 7. Bg5 a6 8.
Na3 b5 9. Nd5 Be7 10. Bxf6 Bxf6 11. c4 b4 12. Nc2 a5 13. g3 O-O 14. h4 Be7 15.
Bg2 Be6 16. O-O Bxd5 17. cxd5 Na7 18. Qd3 Qb6 19. Bh3 Rfb8 20. Rfc1 Rb7 21. Ne3
Rc7 22. Nc4 Qb5 23. a4 Qa6 24. Nxe5 Qb7 25. Nc4 Qa6 26. f4 f6 27. Kh2 Nc8 28.
Be6+ Kh8 29. Ne5 Qxd3 30. Nxd3 Rxc1 31. Rxc1 Nb6 32. Rc7 Bd8 33. Rf7 h6 34.
Rf8+ Kh7 35. h5 g5 36. hxg6+ Kxg6 37. f5+ Kh7 38. Rf7+ Kh8 39. Nf4 Kg8 40. Ng6
1-0

[Event "Russian Championship B15 2016"]
[Site "Loo"]
[Date "2016.04.27"]
[Round "8.20"]
[White "Peisakhov, Imanuil"]
[Black "Shidlovskiy, Artemiy"]
[Result "1-0"]
[WhiteElo "1866"]
[BlackElo "1879"]
[PlyCount "165"]
[EventDate "2016.04.20"]

1. e4 c5 2. Ne2 Nc6 3. g3 d5 4. Bg2 dxe4 5. Bxe4 Nf6 6. Bg2 e5 7. O-O Bf5 8. d3
Be7 9. Nec3 O-O 10. Nd2 a6 11. Re1 Qc7 12. Nf3 Rad8 13. Qe2 Bg4 14. Be3 Rfe8
15. h3 Bd7 16. g4 Nd4 17. Bxd4 exd4 18. Ne4 Nd5 19. Nfd2 Nf4 20. Qf3 Nxg2 21.
Kxg2 Bc6 22. Kg1 Rf8 23. Qg3 Qxg3+ 24. Nxg3 Rfe8 25. Nf5 Bf8 26. b3 g6 27. Ng3
Kg7 28. Nde4 Bd7 29. Nd2 f5 30. gxf5 gxf5 31. Nc4 Kf6 32. f4 Bh6 33. Ne5 Rg8
34. Nxd7+ Rxd7 35. Kf2 Rdd8 36. Re5 Kg6 37. Kf3 Rge8 38. Rae1 Rxe5 39. Rxe5 Bg7
40. Rxf5 b6 41. Rg5+ Kf7 42. Ne4 h6 43. Rg2 Rd5 44. Ng3 b5 45. Ke4 Rd8 46. Nf5
Bf8 47. Kf3 Kf6 48. Ng3 Rc8 49. Re2 c4 50. dxc4 bxc4 51. Rd2 cxb3 52. cxb3 Rd8
53. Rd3 Ke6 54. Ke4 Bg7 55. Nh5 Bh8 56. f5+ Kf7 57. f6 Kg6 58. Nf4+ Kxf6 59.
Rxd4 Rxd4+ 60. Kxd4 Kf5+ 61. Ke3 Be5 62. Nd3 Bc7 63. b4 Bb6+ 64. Kf3 a5 65. b5
Bd4 66. a4 Bg1 67. Nf2 Bh2 68. Ng4 Bf4 69. Ne3+ Kg5 70. Nc4 Bc7 71. b6 Bd8 72.
b7 Bc7 73. Nxa5 Kh4 74. Kg2 h5 75. Nc6 Bb8 76. Nxb8 Kg5 77. Nc6 h4 78. b8=Q Kg6
79. Qf8 Kh7 80. Qf4 Kg6 81. Ne5+ Kh7 82. Qf7+ Kh8 83. Ng6# 1-0

[Event "Russian Championship B15 2016"]
[Site "Loo"]
[Date "2016.04.27"]
[Round "8.21"]
[White "Pesotskiy, Mikhail"]
[Black "Saratovskiy, Dmitiy"]
[Result "1-0"]
[WhiteElo "2152"]
[BlackElo "1938"]
[PlyCount "143"]
[EventDate "2016.04.20"]

1. d4 f5 2. g3 Nf6 3. Bg2 g6 4. c4 Bg7 5. Nc3 O-O 6. Nf3 d6 7. O-O Qe8 8. Qb3
Kh8 9. Nd5 Nxd5 10. cxd5 c6 11. Bd2 cxd5 12. Qxd5 Nc6 13. Bc3 Bd7 14. e4 fxe4
15. Qxe4 Bf5 16. Qe3 e6 17. h3 d5 18. Rfe1 Qd7 19. Rad1 Rae8 20. Nh2 Bc2 21.
Rd2 Ba4 22. f4 Bb5 23. Nf3 b6 24. h4 Ba6 25. Bh3 Bc8 26. Rh2 a5 27. h5 Rf6 28.
Ne5 Qc7 29. Bf1 Ref8 30. hxg6 Nxe5 31. Rxh7+ Kg8 32. dxe5 Rxg6 33. Rh4 Bb7 34.
Bd3 Rh6 35. Rxh6 Bxh6 36. Bd4 Qg7 37. Rf1 Qg4 38. Kg2 Rf7 39. Qe2 Qg7 40. f5
Qg5 41. fxe6 Rg7 42. Qf2 Qe7 43. Qf6 Bg5 44. Qxe7 Bxe7 45. Rf7 Rxf7 46. exf7+
Kxf7 47. Bxb6 a4 48. Bb5 a3 49. bxa3 Bxa3 50. Bd4 Ke6 51. Kf3 Bb4 52. g4 Bc3
53. Ke3 Be1 54. Bd3 Bg3 55. Bf5+ Ke7 56. Bc5+ Kf7 57. Bd6 d4+ 58. Kxd4 Bf2+ 59.
Kc4 Ba6+ 60. Kb4 Bb6 61. e6+ Kf6 62. e7 Ba5+ 63. Kxa5 Bb5 64. Kxb5 Kf7 65. Bg6+
Kf6 66. e8=Q Kg5 67. Qe5+ Kxg6 68. Qf5+ Kg7 69. g5 Kg8 70. g6 Kg7 71. Bf8+ Kg8
72. Qf7+ 1-0

[Event "Russian Championship B15 2016"]
[Site "Loo"]
[Date "2016.04.27"]
[Round "8.22"]
[White "Novikov, Kirill"]
[Black "Tyapkin, Petr"]
[Result "1-0"]
[WhiteElo "1814"]
[BlackElo "1962"]
[PlyCount "115"]
[EventDate "2016.04.20"]

1. d4 Nf6 2. Bf4 g6 3. e3 Bg7 4. Nf3 O-O 5. c3 d6 6. h3 Nbd7 7. Nbd2 Qe8 8. Bc4
e5 9. dxe5 Nxe5 10. Nxe5 dxe5 11. Bh2 Qe7 12. Nf3 Nd7 13. O-O Rd8 14. Qe2 Nc5
15. Rfd1 Bf5 16. Rxd8+ Rxd8 17. Rd1 Rxd1+ 18. Qxd1 c6 19. Bg3 h6 20. Nh4 Be6
21. Bxe6 Nxe6 22. Nf3 Nc5 23. Bh2 Bf6 24. b4 Ne4 25. Qc2 Nd6 26. Nd2 Qe6 27. c4
b6 28. a4 Nb7 29. Qe4 Bg7 30. b5 Na5 31. bxc6 Qxc6 32. Qxc6 Nxc6 33. f4 Na5 34.
fxe5 Bf8 35. Kf2 Bb4 36. Ke2 Bxd2 37. Kxd2 Nxc4+ 38. Kc3 Nxe3 39. Kb4 a5+ 40.
Kb5 Nd5 41. Kc4 Ne3+ 42. Kd3 Nd1 43. Kc2 Ne3+ 44. Kb3 Nxg2 45. Bg1 Nf4 46. Bxb6
Nd3 47. Bd4 Nb4 48. Kc4 Nc6 49. Bc3 g5 50. Kb5 Nb8 51. Kxa5 h5 52. Kb6 g4 53.
hxg4 hxg4 54. Bd4 g3 55. a5 g2 56. Kb7 Nd7 57. a6 Nxe5 58. a7 1-0